Mediálny trh v roku 2004

Príchod peoplemetrov - udalosť roka nielen pre TV, ale pre celý mediálny trh. Na rozhlasovom trhu rezonovala rastúca dominancia rádia Expres, príchod GES-u a reforma SRo, v tlači nárast počtu titulov. Spokojnosť vydavateľov.

Salvato in:
Dettagli Bibliografici
Autore principale: Šimlovičová, Ivana
Natura: Capitolo di libro
Lingua:slovacco
Soggetti:
Tags: Aggiungi Tag
Nessun Tag, puoi essere il primo ad aggiungerne!!

MARC

LEADER 00000naa$a2200000$$$4500
001 0029535
005 20231107123251.4
041 0 |a slo 
044 |a SK 
245 1 0 |a Mediálny trh v roku 2004  |c Ivana Šimlovičová 
520 |a Príchod peoplemetrov - udalosť roka nielen pre TV, ale pre celý mediálny trh. Na rozhlasovom trhu rezonovala rastúca dominancia rádia Expres, príchod GES-u a reforma SRo, v tlači nárast počtu titulov. Spokojnosť vydavateľov. 
610 2 0 |a médiá 
610 2 0 |a trh 
610 2 0 |a televízia 
610 2 0 |a rozhlas 
610 2 0 |a tlač 
610 2 0 |a vydavateľstvá 
610 2 0 |a Slovensko 
610 2 0 |a 2004 
100 1 |a Šimlovičová, Ivana